[Event "FRA-chTW Top 12 2019"]
[Site "Vandoeuvre"]
[Date "2019.05.05"]
[Round "5.2"]
[White "Safranska, Anda"]
[Black "Le Du, Maelle"]
[Result "1-0"]
[WhiteElo "2188"]
[BlackElo "1673"]
[Annotator "TA"]
[PlyCount "106"]
[EventDate "2019.05.02"]
[EventType "team-tourn"]
[EventCountry "FRA"]
[SourceTitle "playchess.com"]
[Source "ChessBase"]
[SourceQuality "1"]

{[%evp 10,106,39,8,18,4,0,0,0,-11,-4,-19,-25,-8,-13,-29,18,-10,7,-64,-33,-56,-63,-81,-68,-87,-62,-95,-97,-94,-76,-74,-71,-95,-78,-112,-84,-97,-44,-88,-83,-86,-71,-79,-59,-64,30,0,0,-19,-18,-13,0,-48,2,-78,-25,-25,-10,-18,-10,-8,37,19,27,-27,0,0,49,56,51,70,59,58,56,55,56,0,0,0,0,0,0,0,105,8,92,60,73,0,0,0,72,69,115,109,897,882,870]} 1. Nf3 d5 2. g3 Nf6 3. Bg2 e6 4. O-O Bd6 5. c4 O-O 6. b3 c5 {A13: English Opening: 1...e6} 7. e3 {[#]} d4 $1 {[%mdl 512]} 8. exd4 cxd4 {The position is equal.} 9. Re1 Nc6 10. d3 Re8 $146 ({Predecessor:} 10... e5 11. Bg5 h6 12. Bxf6 Qxf6 {0-1 (34) Neverov,V (2515)-Moiseenko,A (2711) Kiev 2013}) 11. a3 a5 $36 {[%mdl 2048] Black is pushing.} 12. Nbd2 Rb8 13. Qc2 b6 14. Nf1 (14. Ng5 $11 Bb7 15. Nge4) 14... Bb7 15. Bg5 h6 16. Bd2 Qc7 17. Reb1 Qe7 18. Qb2 e5 19. b4 Nd8 20. Re1 Qc7 21. Rac1 Ne6 22. Qc2 Nd7 23. Qd1 Qd8 (23... Ra8 $17 24. Qe2 Ra7) 24. Nh4 Bxg2 25. Kxg2 Qf6 26. Qg4 Kh7 27. Rb1 Ndf8 (27... Ra8 $15) 28. Nf5 Bc7 29. h3 Qg6 30. Nh2 Qxg4 31. Nxg4 f6 (31... Nd7 {with more complications.} 32. Nh2 Ra8 33. Red1 axb4 34. axb4 h5) 32. Nh4 (32. Bxh6 $11 Nd7 33. Bd2) 32... Ng6 (32... h5 $17 33. Nh2 Ra8) 33. Nxg6 $11 Kxg6 34. f3 Kf7 35. Nf2 Ng5 36. h4 Ne6 37. Rb2 (37. h5 $142) 37... g5 38. Rh1 Rh8 (38... axb4 {is more complex.} 39. axb4 Ra8 40. hxg5 hxg5 41. Rh7+ Ng7) 39. hxg5 hxg5 40. Rxh8 Rxh8 41. bxa5 bxa5 42. Rb7 Kg6 43. Ra7 (43. g4 $14) 43... Bb6 44. Ra6 Rb8 45. Bxa5 Bxa5 46. Rxa5 {[%mdl 4096] Endgame KRN-KRN} Nd8 (46... Rb2 $11) 47. Ra6 (47. Ne4 $16) 47... Kf7 (47... Rb2 $11) 48. Ne4 Ne6 $1 49. Ra7+ (49. a4 $16) 49... Kg6 50. Ra6 (50. Ra5 $11) 50... Kf7 $1 $16 51. a4 {[%cal Ba3a4,Ba4a5][%mdl 32] aiming for a5.} Rb3 52. a5 Rxd3 $2 {[%mdl 8192] [#]} (52... f5 $16 53. Nd6+ Kf6) 53. Rxe6 $1 $18 {[%mdl 512]} f5 {Accuracy: White = 39%, Black = 37%.} (53... Kxe6 54. Nc5+) 1-0

[Event "FRA-chTW Top 12 2019"]
[Site "Vandoeuvre"]
[Date "2019.05.05"]
[Round "5.3"]
[White "Klipper, Noemie"]
[Black "Maisuradze, Nino"]
[Result "0-1"]
[WhiteElo "1816"]
[BlackElo "2179"]
[Annotator "NA RC"]
[PlyCount "102"]
[EventDate "2019.05.02"]
[EventType "team-tourn"]
[EventCountry "FRA"]
[SourceTitle "playchess.com"]
[Source "ChessBase"]
[SourceQuality "1"]
[TimeControl "40/5400+30:1800+30"]

1. c4 {[%emt 0:00:00]} e5 {[%emt 0:00:07]} 2. Nc3 {[%emt 0:00:00]} Nc6 {[%emt 0:00:03]} 3. g3 {[%emt 0:00:00]} g6 {[%emt 0:00:37]} 4. Bg2 {[%emt 0:00:00]} Bg7 {[%emt 0:00:05]} 5. e3 {[%emt 0:00:38]} d6 {[%emt 0:03:18]} 6. Nge2 {[%emt 0:00:32]} h5 {[%emt 0:00:46]} 7. d4 {[%emt 0:01:22]} h4 {[%emt 0:07:35]} 8. d5 {[%emt 0:05:16]} Nce7 {[%emt 0:02:23]} 9. e4 {[%emt 0:01:28]} a6 $146 {[%emt 0:07:51] A25: English Opening vs King's Indian with ...Nc6 but without early d3} ({Predecessor:} 9... f5 10. Bg5 Bf6 11. gxh4 Bd7 12. Qd3 Nc8 13. f4 exf4 14. O-O Bxg5 15. hxg5 Qxg5 16. Nxf4 Nce7 17. Nb5 O-O-O {½-½ (79) Timofeev,A (2671)-Bartel,M (2594) Budva 2009}) 10. Bd2 {[%emt 0:06:09]} c5 {[%emt 0:05:33]} 11. h3 {[%emt 0:11:16]} hxg3 {[%emt 0:00:54]} 12. Nxg3 {[%emt 0:02:19]} Bd7 {[%emt 0:02:13]} 13. h4 {[%emt 0:02:09]} b5 {[%emt 0:02:31]} 14. cxb5 {[%emt 0:06:36]} axb5 {[%emt 0:00:13]} 15. a4 {[%emt 0:06:12]} bxa4 {[%emt 0:04:41]} 16. Nxa4 {[%emt 0:06:56]} Bh6 {[%emt 0:21:35]} 17. Bxh6 {[%emt 0:12:19]} Rxh6 {[%emt 0:01:22]} 18. Nc3 {[%emt 0:00:14]} Rxa1 {[%emt 0:08:30]} 19. Qxa1 {[%emt 0:36:04]} Nc8 {[%emt 0:00:38]} 20. h5 {[%emt 0:00:00]} gxh5 {[%emt 0:06:49]} 21. Rxh5 {[%emt 0:00:00]} Rxh5 {[%emt 0:00:14]} 22. Nxh5 {[%emt 0:00:00]} Qg5 {[%emt 0:02:54]} 23. Ng3 {[%emt 0:02:00]} Nge7 {[%emt 0:00:46]} 24. Qd1 {[%emt 0:00:00]} Ng6 {[%emt 0:00:49]} 25. Qd2 {[%emt 0:00:00]} Nf4 {[%emt 0:00:41]} 26. Bf1 {[%emt 0:00:00]} Ne7 {[%emt 0:04:51]} 27. Bb5 {[%emt 0:00:00]} Qg4 {[%emt 0:07:00]} 28. Qd1 {[%emt 0:00:00]} Ng2+ {[%emt 0:01:36]} 29. Kd2 {[%emt 0:00:00]} Qf4+ {[%emt 0:01:04]} 30. Ke2 {[%emt 0:00:00]} Qg4+ $11 {[%emt 0:01:52]} 31. Kd2 {[%emt 0:00:00]} Qg5+ {[%emt 0:00:17]} 32. Kc2 {[%emt 0:00:00]} Qxg3 {[%emt 0:03:51]} 33. fxg3 {[%emt 0:00:00]} Ne3+ {[%emt 0:00:02]} 34. Kd2 {[%emt 0:00:00]} Nxd1 {[%emt 0:00:02]} 35. Kxd1 {[%emt 0:00:00]} f5 {[%emt 0:00:33]} 36. Bxd7+ {[%emt 0:00:00]} Kxd7 {[%emt 0:00:01]} 37. Ke2 {[%emt 0:00:00]} fxe4 {[%emt 0:00:18]} 38. Nxe4 {[%emt 0:00:00]} Nxd5 {[%emt 0:00:10]} 39. g4 {[%emt 0:00:00]} Nf4+ {[%emt 0:00:33]} 40. Ke3 {[%emt 0:00:00]} c4 {[%emt 0:01:01]} 41. Kd2 {[%emt 0:19:38]} d5 {[%emt 0:30:18]} 42. Nc5+ {[%emt 0:04:16]} Kc6 {[%emt 0:00:41]} 43. b4 {[%emt 0:02:10]} Kb5 {[%emt 0:00:47]} 44. Nd7 {[%emt 0:00:19]} Ng6 {[%emt 0:01:16]} 45. Nf6 {[%emt 0:01:50]} d4 {[%emt 0:00:02]} 46. Nd5 {[%emt 0:00:40]} e4 {[%emt 0:00:46]} 47. g5 {[%emt 0:01:38]} Ne5 {[%emt 0:01:32]} 48. Ke2 {[%emt 0:00:50]} c3 {[%emt 0:00:19]} 49. Ne7 {[%emt 0:00:50]} d3+ {[%emt 0:00:17]} 50. Kd1 {[%emt 0:00:22]} e3 {[%emt 0:00:56]} 51. g6 {[%emt 0:00:10]} e2+ {[%emt 0:00:12]} 0-1

[Event "FRA-chTW Top 12 2019"]
[Site "Vandoeuvre"]
[Date "2019.05.05"]
[Round "5.3"]
[White "Hamelin, Isabelle"]
[Black "Franc, Nathalie"]
[Result "1-0"]
[WhiteElo "1609"]
[BlackElo "2004"]
[Annotator "NA RC"]
[PlyCount "74"]
[EventDate "2019.05.02"]
[EventType "team-tourn"]
[EventCountry "FRA"]
[SourceTitle "playchess.com"]
[Source "ChessBase"]
[SourceQuality "1"]
[TimeControl "40/5400+30:1800+30"]

1. c4 {[%emt 0:03:03]} e5 {[%emt 0:00:28]} 2. Nc3 {[%emt 0:00:13]} Nf6 {[%emt 0:00:24]} 3. g3 {[%emt 0:00:27]} Nc6 {[%emt 0:00:23]} 4. Bg2 {[%emt 0:00:09]} Bc5 {[%emt 0:00:20]} 5. Nf3 {[%emt 0:00:50]} d6 {[%emt 0:01:22]} 6. O-O {[%emt 0:00:24]} O-O {[%emt 0:00:48]} 7. Na4 {[%emt 0:00:49]} Bb6 {[%emt 0:05:11]} 8. Nxb6 {[%emt 0:00:12]} axb6 {[%emt 0:00:08]} 9. a3 {[%emt 0:00:23] A29: English Opening: Four Knights Variation with 4 g3} Re8 {[%emt 0:02:10]} 10. d3 {[%emt 0:04:40]} h6 {[%emt 0:01:27]} 11. b3 $146 {[%emt 0:02:57]} ({Predecessor:} 11. Nd2 Bf5 12. b4 Qc8 13. Bb2 Bh3 14. e4 Bxg2 15. Kxg2 Qe6 16. h3 Nd7 {½-½ (38) Saenko,G (1856)-Chaves,T (1956) Brasilia 2012}) 11... Bf5 {[%emt 0:04:24]} 12. Bb2 {[%emt 0:01:30]} e4 {[%emt 0:13:39]} 13. Nd4 {[%emt 0:04:47]} Bg6 {[%emt 0:06:39]} 14. Nxc6 {[%emt 0:01:40]} bxc6 {[%emt 0:00:13]} 15. dxe4 {[%emt 0:02:29]} Bxe4 {[%emt 0:07:53]} 16. f3 {[%emt 0:04:13]} Bg6 {[%emt 0:00:32]} 17. e4 {[%emt 0:00:16]} Nd7 {[%emt 0:16:44]} 18. Re1 {[%emt 0:05:03]} f6 {[%emt 0:04:13]} 19. Rc1 {[%emt 0:11:50]} Rb8 {[%emt 0:04:22]} 20. b4 {[%emt 0:04:44]} c5 $14 {[%emt 0:04:10]} 21. b5 {[%emt 0:06:35]} Re7 {[%emt 0:06:27]} 22. f4 {[%emt 0:02:03]} Qe8 {[%emt 0:02:02]} 23. e5 {[%emt 0:03:02]} fxe5 {[%emt 0:02:18]} 24. Bc6 {[%emt 0:00:31]} e4 {[%emt 0:02:23]} 25. Qg4 {[%emt 0:01:08]} Bh5 {[%emt 0:07:08]} 26. Qh3 {[%emt 0:05:09]} Bf3 {[%emt 0:01:13]} 27. Re3 {[%emt 0:03:07]} Kh7 {[%emt 0:02:28]} 28. Rce1 {[%emt 0:01:28]} Qf7 {[%emt 0:03:21]} 29. Bd5 {[%emt 0:04:05]} Qg6 {[%emt 0:00:37]} 30. Rxf3 {[%emt 0:01:19]} exf3 {[%emt 0:00:06]} 31. Rxe7 {[%emt 0:00:36]} Qb1+ {[%emt 0:00:20]} 32. Qf1 {[%emt 0:01:03]} Qxb2 {[%emt 0:00:32]} 33. Qxf3 {[%emt 0:03:40]} Qc1+ {[%emt 0:00:56]} 34. Kg2 {[%emt 0:00:18]} Nf6 {[%emt 0:00:25]} 35. Qd3+ {[%emt 0:00:55]} Kh8 {[%emt 0:00:14]} 36. Qg6 {[%emt 0:01:59]} Qd2+ {[%emt 0:00:24]} 37. Kh3 {[%emt 0:00:13]} Ne8 {[%emt 0:02:06]} 1-0

[Event "FRA-chTW Top 12 2019"]
[Site "Vandoeuvre"]
[Date "2019.05.05"]
[Round "5.4"]
[White "Fischer, Julie"]
[Black "Saliou, Sarah"]
[Result "1-0"]
[WhiteElo "2046"]
[BlackElo "1696"]
[Annotator "NA RC"]
[PlyCount "55"]
[EventDate "2019.05.02"]
[EventType "team-tourn"]
[EventCountry "FRA"]
[SourceTitle "playchess.com"]
[Source "ChessBase"]
[SourceQuality "1"]
[TimeControl "40/5400+30:1800+30"]

1. e4 {[%emt 0:00:00]} c5 {[%emt 0:00:00]} 2. Nf3 {[%emt 0:00:00]} Nc6 {[%emt 0:00:00]} 3. Bb5 {[%emt 0:00:00]} g6 {[%emt 0:00:00]} 4. Bxc6 {[%emt 0:00:00]} dxc6 {[%emt 0:00:00]} 5. d3 {[%emt 0:00:00]} Bg7 {[%emt 0:00:00]} 6. h3 {[%emt 0:00:05]} Nh6 {[%emt 0:03:46] B31: Sicilian: 2...Nc6 3 Bb5 g6} (6... Nf6 7. Nc3 Nd7 8. Be3 e5 9. Qd2 h6 10. a3 b6 11. b4 Nf8 12. bxc5 Ne6 13. cxb6 axb6 14. Qc1 f5 15. a4 f4 16. Bd2 O-O 17. Qb2 {0-1 (51) Meier,G (2628)-Caruana,F (2819) Karlsruhe/Baden Baden 2019}) 7. Nc3 {[%emt 0:01:52]} f6 {[%emt 0:00:09]} 8. Be3 {[%emt 0:02:10]} b6 {[%emt 0:00:08]} 9. O-O {[%emt 0:04:18]} e5 {[%emt 0:02:26]} 10. Nh2 {[%emt 0:03:44]} O-O {[%emt 0:03:59]} 11. f4 {[%emt 0:03:41]} exf4 {[%emt 0:05:58]} 12. Bxf4 {[%emt 0:00:12]} f5 {[%emt 0:08:38]} 13. Qd2 {[%emt 0:04:21]} Nf7 {[%emt 0:01:50]} 14. exf5 {[%emt 0:01:07]} gxf5 $146 {[%emt 0:13:53]} ({Predecessor:} 14... Bxf5) 15. Nf3 {[%emt 0:01:56]} Be6 {[%emt 0:09:58]} 16. Rae1 {[%emt 0:02:38]} Qd7 {[%emt 0:01:40]} 17. b3 {[%emt 0:02:04]} Rae8 {[%emt 0:12:36]} 18. Ne2 {[%emt 0:01:24]} Bd5 {[%emt 0:01:16]} 19. Ng3 {[%emt 0:01:16]} Rxe1 {[%emt 0:00:40]} 20. Nxe1 {[%emt 0:00:48]} Qe6 {[%emt 0:05:56]} 21. c4 {[%emt 0:01:16]} Bxg2 {[%emt 0:03:38]} 22. Qxg2 {[%emt 0:00:56]} Kh8 {[%emt 0:01:18]} 23. Nf3 {[%emt 0:00:13]} Rg8 {[%emt 0:01:10]} 24. Kh1 {[%emt 0:01:32]} Qd7 {[%emt 0:02:04]} 25. Nh4 $18 {[%emt 0:04:06]} Qxd3 {[%emt 0:00:59]} 26. Nhxf5 {[%emt 0:00:25]} Bf6 {[%emt 0:07:16]} 27. Qxc6 {[%emt 0:00:55]} Ne5 {[%emt 0:00:35]} 28. Qxf6+ {[%emt 0:00:06]} 1-0

[Event "FRA-chTW Top 12 2019"]
[Site "Vandoeuvre"]
[Date "2019.05.05"]
[Round "5.4"]
[White "Bauer, Alexandra"]
[Black "Gromas, Hermine"]
[Result "0-1"]
[WhiteElo "1349"]
[BlackElo "1476"]
[Annotator "NA RC"]
[PlyCount "76"]
[EventDate "2019.05.02"]
[EventType "team-tourn"]
[EventCountry "FRA"]
[SourceTitle "playchess.com"]
[Source "ChessBase"]
[SourceQuality "1"]
[TimeControl "40/5400+30:1800+30"]

1. d4 {[%emt 0:01:46]} f5 {[%emt 0:00:00]} 2. Nc3 {[%emt 0:01:29]} g6 {[%emt 0:00:07]} 3. e4 {[%emt 0:01:00]} fxe4 {[%emt 0:02:36]} 4. Nxe4 {[%emt 0:00:08]} Bg7 {[%emt 0:00:37]} 5. Nf3 {[%emt 0:01:20]} Nf6 {[%emt 0:01:16]} 6. Bd3 {[%emt 0:06:36]} O-O {[%emt 0:07:23]} 7. c3 {[%emt 0:02:29]} d5 {[%emt 0:17:02]} 8. Ng3 {[%emt 0:04:17]} Nfd7 {[%emt 0:06:48]} 9. Qe2 {[%emt 0:24:00]} e5 {[%emt 0:11:18]} 10. Bg5 {[%emt 0:06:55]} Qe8 {[%emt 0:01:50]} 11. dxe5 {[%emt 0:02:10]} Nxe5 {[%emt 0:00:57]} 12. Nxe5 {[%emt 0:01:47]} Qxe5 {[%emt 0:10:11]} 13. Qxe5 {[%emt 0:16:17]} Bxe5 {[%emt 0:00:44]} 14. Be3 {[%emt 0:01:30]} Nc6 {[%emt 0:13:30]} 15. O-O {[%emt 0:07:52]} Be6 {[%emt 0:04:37]} 16. Rfe1 {[%emt 0:04:51]} Bf7 {[%emt 0:02:39]} 17. Bb5 {[%emt 0:04:23]} a6 {[%emt 0:11:00]} 18. Bxc6 {[%emt 0:01:45]} bxc6 {[%emt 0:00:10]} 19. Re2 {[%emt 0:00:14]} Bd6 {[%emt 0:04:27]} 20. Rd1 {[%emt 0:04:03]} Rfe8 {[%emt 0:01:16]} 21. f3 {[%emt 0:02:07]} Re6 {[%emt 0:00:57]} 22. Rde1 {[%emt 0:01:15]} Rae8 {[%emt 0:00:50]} 23. Bf2 {[%emt 0:00:51]} Bxg3 {[%emt 0:00:33]} 24. Rxe6 {[%emt 0:00:17]} Bxf2+ {[%emt 0:00:11]} 25. Kxf2 {[%emt 0:00:02]} Rxe6 {[%emt 0:00:10]} 26. Rxe6 {[%emt 0:00:11]} Bxe6 {[%emt 0:00:03]} 27. a3 {[%emt 0:00:38]} Kf7 {[%emt 0:00:39]} 28. Ke3 {[%emt 0:00:08]} c5 {[%emt 0:01:06]} 29. h3 {[%emt 0:02:27]} Kf6 {[%emt 0:00:47]} 30. g4 {[%emt 0:00:54]} g5 {[%emt 0:00:35]} 31. f4 {[%emt 0:01:14]} gxf4+ {[%emt 0:00:35]} 32. Kxf4 {[%emt 0:00:02]} h6 {[%emt 0:00:23]} 33. h4 {[%emt 0:01:00]} d4 {[%emt 0:00:31]} 34. g5+ {[%emt 0:00:29]} hxg5+ {[%emt 0:00:36]} 35. hxg5+ {[%emt 0:00:03]} Kg6 {[%emt 0:00:06]} 36. Ke4 {[%emt 0:00:35]} Bf5+ {[%emt 0:00:36]} 37. Kf3 {[%emt 0:00:49]} d3 {[%emt 0:00:24]} 38. Ke3 {[%emt 0:00:32]} c4 {[%emt 0:00:25]} 0-1

[Event "FRA-chTW Top 12 2019"]
[Site "Vandoeuvre"]
[Date "2019.05.05"]
[Round "5.5"]
[White "Guichard, Pauline"]
[Black "Collas, Silvia"]
[Result "1-0"]
[WhiteElo "2430"]
[BlackElo "2279"]
[Annotator "NA RC"]
[PlyCount "53"]
[EventDate "2019.05.02"]
[EventType "team-tourn"]
[EventCountry "FRA"]
[SourceTitle "playchess.com"]
[Source "ChessBase"]
[SourceQuality "1"]
[TimeControl "40/5400+30:1800+30"]

{[%evp 12,47,15,5,11,32767,32767,32767,12,24,35,15,19,20,25,0,2,5,1,32767,32767,32767,0,32767,-5,32767,32767,32767,32767,32767,150,150,266,275,297,270,288,0]} 1. Nf3 {[%emt 0:00:00]} d5 {[%emt 0:00:00]} 2. e3 {[%emt 0:00:00]} Nf6 {[%emt 0:00:37]} 3. c4 {[%emt 0:00:00]} e6 {[%emt 0:00:04]} 4. Nc3 {[%emt 0:00:08]} Bd6 {[%emt 0:01:12]} 5. b3 {[%emt 0:00:40]} b6 {[%emt 0:01:36]} 6. g3 {[%emt 0:03:43] A17: English Opening: 1...Nf6 with ...Bb4} Bb7 {[%emt 0:06:02]} 7. Bg2 {[%emt 0:00:12]} O-O {[%emt 0:00:41]} 8. Bb2 {[%emt 0:01:22]} a6 {[%emt 0:00:18]} 9. O-O {[%emt 0:00:12]} Nbd7 {[%emt 0:03:02]} 10. Qe2 {[%emt 0:01:48]} Re8 $146 {[%emt 0:04:06]} ({Predecessor:} 10... Qe7 11. d4 Rac8 12. Rfd1 Rfd8 {0-1 (52) Wei,Y (2734)-Wang,H (2710) Tianjin 2018}) 11. Rfd1 {[%emt 0:00:26]} dxc4 {[%emt 0:01:17]} 12. bxc4 {[%emt 0:00:15]} c5 {[%emt 0:04:38]} 13. d4 {[%emt 0:08:20]} cxd4 {[%emt 0:03:45]} 14. exd4 {[%emt 0:06:10]} Qc7 {[%emt 0:02:03]} 15. Rac1 {[%emt 0:01:22]} Bb4 {[%emt 0:07:25]} 16. Nb1 {[%emt 0:06:02]} Rac8 {[%emt 0:02:34]} 17. Ba1 {[%emt 0:02:35]} b5 {[%emt 0:04:06]} 18. Qb2 {[%emt 0:01:16]} Qa5 {[%emt 0:02:58]} 19. c5 {[%emt 0:21:50]} Qa4 {[%emt 0:00:05]} 20. d5 {[%emt 0:03:44]} exd5 $2 {[%emt 0:12:26]} (20... Bxd5 $17 {and life is bright.} 21. Rd4 a5) 21. Bh3 {[%emt 0:04:55]} Bc6 {[%emt 0:37:49]} (21... Nxc5 {is a better defense.} 22. Bxc8 Rxc8) 22. Nd4 {[%emt 0:02:55]} Red8 {[%emt 0:01:34]} 23. Nxc6 {[%emt 0:14:27]} Rxc6 {[%emt 0:00:04]} 24. Rxd5 $11 {[%emt 0:00:10]} (24. Bxd7 $18 Rxc5 25. Bf5) 24... Rxc5 {[%emt 0:01:56]} 25. Rcxc5 {[%emt 0:03:48]} Bxc5 {[%emt 0:00:18]} 26. Bxd7 {[%emt 0:00:16]} Qe4 {[%emt 0:01:29]} 27. Rxc5 {[%emt 0:01:34]} 1-0

[Event "FRA-chTW Top 12 2019"]
[Site "Vandoeuvre"]
[Date "2019.05.05"]
[Round "5.5"]
[White "Bulmaga, Irina"]
[Black "Cornette, Deimante"]
[Result "1/2-1/2"]
[WhiteElo "2429"]
[BlackElo "2433"]
[Annotator "TA"]
[PlyCount "45"]
[EventDate "2019.05.02"]
[EventType "team-tourn"]
[EventCountry "FRA"]
[SourceTitle "playchess.com"]
[Source "ChessBase"]
[SourceQuality "1"]

{[%evp 19,45,-6,12,32,32,25,45,41,50,14,14,11,9,9,13,12,13,0,6,0,0,0,0,0,0,0,0,0]} 1. e4 e5 2. Nf3 Nc6 3. d4 exd4 4. Nxd4 Nf6 5. Nxc6 bxc6 6. e5 Qe7 7. Qe2 Nd5 8. c4 Nb6 9. Nc3 Qe6 10. Qe4 Bb4 11. Bd2 {C45: Scotch Game} Ba6 {[%cal Ra6c4]} 12. b3 Bxc3 13. Bxc3 {White is slightly better.} d5 14. Qf3 {next cxd5 is good for White.} dxc4 {The position is equal.} 15. Be2 O-O 16. O-O Rfe8 17. Rfe1 Rad8 {[#]} 18. a4 $146 ({Predecessor:} 18. Bf1 c5 {½-½ (58) Ponomariov,R (2580)-Spassky,B (2535) Cannes 1998}) 18... h6 19. a5 Nd5 20. Bxc4 Bxc4 21. bxc4 Nxc3 22. Qxc3 c5 23. Rad1 1/2-1/2

[Event "FRA-chTW Top 12 2019"]
[Site "Vandoeuvre"]
[Date "2019.05.05"]
[Round "5.6"]
[White "Cramling, Pia"]
[Black "Bensdorp-De Labaca, Marlies"]
[Result "1-0"]
[WhiteElo "2454"]
[BlackElo "2229"]
[Annotator "RC"]
[PlyCount "157"]
[EventDate "2019.05.02"]
[EventType "team-tourn"]
[EventCountry "FRA"]
[SourceTitle "playchess.com"]
[Source "ChessBase"]
[SourceQuality "1"]
[TimeControl "40/5400+30:1800+30"]

1. c4 {[%emt 0:00:00]} e6 {[%emt 0:00:00]} 2. g3 {[%emt 0:01:50]} d5 {[%emt 0:00:08]} 3. Bg2 {[%emt 0:00:11]} Nf6 {[%emt 0:00:18]} 4. Nf3 {[%emt 0:00:26]} dxc4 {[%emt 0:00:18]} 5. Qa4+ {[%emt 0:00:22]} Nbd7 {[%emt 0:00:06]} 6. Qxc4 {[%emt 0:00:45]} a6 {[%emt 0:00:08]} 7. Qc2 {[%emt 0:02:22]} c5 {[%emt 0:01:52]} 8. O-O {[%emt 0:07:57]} b5 {[%emt 0:00:34]} 9. a4 {[%emt 0:03:00]} Bb7 {[%emt 0:00:06]} 10. d3 {[%emt 0:01:42]} Be7 {[%emt 0:02:16]} 11. Nc3 {[%emt 0:02:27]} Qb6 {[%emt 0:11:39]} 12. e4 {[%emt 0:05:25]} O-O {[%emt 0:03:46]} 13. h3 {[%emt 0:00:24]} Rac8 {[%emt 0:06:13]} 14. Be3 {[%emt 0:02:02]} b4 {[%emt 0:02:54]} 15. Nb1 {[%emt 0:04:10]} Qc7 {[%emt 0:01:26]} 16. Nbd2 {[%emt 0:05:24]} Rfd8 {[%emt 0:07:50]} 17. Nc4 {[%emt 0:02:13]} e5 {[%emt 0:00:42]} 18. a5 {[%emt 0:07:28]} Bc6 {[%emt 0:02:45]} 19. Rfc1 {[%emt 0:07:23]} Bb5 {[%emt 0:00:23]} 20. Qe2 {[%emt 0:00:38]} Ne8 {[%emt 0:01:08]} 21. h4 {[%emt 0:03:41]} Bxc4 {[%emt 0:04:28]} 22. Rxc4 {[%emt 0:05:27]} Nd6 {[%emt 0:00:16]} 23. Rcc1 {[%emt 0:01:55]} Nb7 {[%emt 0:11:20]} 24. Qc2 {[%emt 0:04:35]} Nf8 {[%emt 0:06:39]} 25. Bh3 {[%emt 0:01:25]} Rb8 {[%emt 0:00:55]} 26. d4 {[%emt 0:02:12]} exd4 {[%emt 0:01:45]} 27. Nxd4 {[%emt 0:02:22]} Bf6 {[%emt 0:03:34]} 28. Bf4 {[%emt 0:01:17]} Be5 {[%emt 0:02:16]} 29. Bxe5 {[%emt 0:00:15]} Qxe5 {[%emt 0:00:04]} 30. Nc6 {[%emt 0:00:06]} Qc7 {[%emt 0:00:36]} 31. Nxb8 {[%emt 0:00:57]} Rxb8 {[%emt 0:00:00]} 32. Qc4 {[%emt 0:06:53]} Nxa5 {[%emt 0:00:07]} 33. Qa2 {[%emt 0:00:24]} Nb7 {[%emt 0:08:03]} 34. Qxa6 {[%emt 0:00:08]} Nd6 {[%emt 0:01:09]} 35. Qa7 {[%emt 0:04:43]} Qxa7 {[%emt 0:04:27]} 36. Rxa7 {[%emt 0:00:06]} Nxe4 {[%emt 0:00:02]} 37. Bg2 {[%emt 0:00:10]} Nd6 {[%emt 0:00:21]} 38. Rxc5 {[%emt 0:00:12]} Ne6 {[%emt 0:00:07]} 39. Rca5 {[%emt 0:01:16]} Nc4 {[%emt 0:00:34]} 40. Ra8 {[%emt 0:00:28]} Rf8 {[%emt 0:00:04]} 41. Rxf8+ {[%emt 0:30:31]} Nxf8 {[%emt 0:30:11]} 42. Ra7 {[%emt 0:05:50]} Nxb2 {[%emt 0:00:10]} 43. Bd5 {[%emt 0:00:09]} Ne6 {[%emt 0:01:16]} 44. Ra8+ {[%emt 0:00:12]} Nf8 {[%emt 0:00:06]} 45. Kf1 {[%emt 0:01:49]} Nd3 {[%emt 0:01:14]} 46. Rb8 {[%emt 0:00:45]} h6 {[%emt 0:02:34]} 47. Rb5 {[%emt 0:02:39]} Ne5 {[%emt 0:02:03]} 48. Rxb4 {[%emt 0:00:33]} g5 {[%emt 0:00:37]} 49. Re4 {[%emt 0:01:06]} Neg6 {[%emt 0:02:38]} 50. h5 {[%emt 0:01:22]} Nh8 {[%emt 0:00:05]} 51. Re7 {[%emt 0:01:39]} Kg7 {[%emt 0:00:26]} 52. g4 {[%emt 0:00:57]} Nh7 {[%emt 0:00:03]} 53. f3 {[%emt 0:00:29]} Nf6 {[%emt 0:00:08]} 54. Bc4 {[%emt 0:00:35]} Kf8 {[%emt 0:00:09]} 55. Ra7 {[%emt 0:00:16]} Kg7 {[%emt 0:00:03]} 56. Ke2 {[%emt 0:00:10]} Nh7 {[%emt 0:00:39]} 57. Ke3 {[%emt 0:00:10]} Nf6 {[%emt 0:01:10]} 58. Kd4 {[%emt 0:00:15]} Ng8 {[%emt 0:00:33]} 59. Ke5 {[%emt 0:00:38]} Nf6 {[%emt 0:00:08]} 60. Bb5 {[%emt 0:00:37]} Ng8 {[%emt 0:00:11]} 61. Bc6 {[%emt 0:01:01]} Kf8 {[%emt 0:00:14]} 62. Be4 {[%emt 0:01:14]} Kg7 {[%emt 0:00:26]} 63. Ra8 {[%emt 0:00:46]} Ne7 {[%emt 0:01:30]} 64. Re8 {[%emt 0:00:33]} Ng8 {[%emt 0:00:11]} 65. Bf5 {[%emt 0:00:42]} f6+ {[%emt 0:00:21]} 66. Kd5 {[%emt 0:01:20]} Kf7 {[%emt 0:00:14]} 67. Ra8 {[%emt 0:00:12]} Ne7+ {[%emt 0:00:04]} 68. Ke4 {[%emt 0:00:14]} Kg7 {[%emt 0:00:34]} 69. Be6 {[%emt 0:00:20]} Nf7 {[%emt 0:00:15]} 70. Ra7 {[%emt 0:01:09]} Nd6+ {[%emt 0:00:11]} 71. Kd3 {[%emt 0:00:42]} Kf8 {[%emt 0:00:14]} 72. Bb3 {[%emt 0:00:32]} Nf7 {[%emt 0:02:44]} 73. Bxf7 {[%emt 0:00:26]} Kxf7 {[%emt 0:00:04]} 74. Kd4 {[%emt 0:00:18]} Ke6 {[%emt 0:00:21]} 75. Ra6+ {[%emt 0:00:04]} Kf7 {[%emt 0:00:06]} 76. Kc5 {[%emt 0:00:06]} Kg7 {[%emt 0:01:14]} 77. Kd6 {[%emt 0:00:11]} Ng8 {[%emt 0:00:32]} 78. Ke6 {[%emt 0:00:17]} Kf8 {[%emt 0:00:59]} 79. Ra7 {[%emt 0:00:11]} 1-0